000 00468nmm a2200169Ia 4500
008 251105s9999||||xx |||||||||||||||||und||
020 _a9788475223710
041 _aspa
100 _aVan-Halen, Juan
245 0 _aLa piel del agua. Antología
264 _a[Madrid, España] :
_bVisor Libros,
_c1997
300 _a111 páginas
490 _aVisor de Poesía
650 _aSpanish poetry
856 _uhttps://public.digitaliapublishing.com/a/76787
942 _cCF
999 _c84946
_d84946